000 00686nam a22002417a 4500
001 30768
003 UA-OsUOA
005 20220209221730.0
007 ta
008 20041115b un ||||| |||| 00| 0 ukr d
040 _aUA-OsUOA
_brus
_cUA-OsUOA
_dUA-OsUOA
041 _arus
044 _aRU
080 _a82.09
090 _a82.09
_bК89
100 _aКузнецов Ф.
245 _aСамая кровная связь. Судьбы деревни в современной прозе
_bкнига для учителя
260 _aМосква
_bПросвещение
_c1987
300 _a240 с.
_bІлюстрації
650 7 _2UDC
942 _cBK
_2udc
955 _a0
999 _c317182
_d317182